000 00795nmm a2200277 a 4500
003 AR-BaBNM
005 20251128204033.0
008 227019s1984 ||||||||||||||000 | spa||
040 _cAR-BaBNM
100 1 _aToca Ramos, Lázaro A.
245 1 0 _aLa educación superior en Cuba
260 _aLa Habana
_bMinisterio de Educación Superior
_c1984
300 0 _a141 p.
_bil., láms.
600 1 4 _aCastro, Fidel
650 4 _aUNIVERSIDADES
650 4 _aUNIVERSIDADES E INSTITUTOS DE ENSENANZA SUPERIOR
650 4 _aHISTORIA DE LA EDUCACION
650 4 _aORGANIZACION DE LA EDUCACION
650 4 _aCIUDADES UNIVERSITARIAS
651 4 _aCuba
653 0 _aEDUCACION SUPERIOR
700 1 _aMartínez, Juan José
700 1 _aFournier Cuza, Arsenio
942 _cBK
998 _cSILVI
999 _c5903
_d5903